Score 0/15 Timer 10:00
0 Plays Today
Hint Answer % Correct
Main character Lucy
96.7%
Ice make magicGray
96.7%
ScarletErza
96.7%
Girl dragon slayer Wendy
93.3%
IronGajeel
93.3%
LightningLaxus
93.3%
I’m a real manElfman
93.3%
Natsu’s ExceedHappy
93.3%
Hint Answer % Correct
MasterMakarov
90%
Wendy’s ExceedCarla
86.7%
Gajeel’s ExceedPantherlily
86.7%
Pink hairNatsu
83.3%
Green hairFreed
80%
Came back from EdolasLisanna
80%
Demon soulsMirajane
80%
Remove Ads.
Support Sporcle.
Get the best of Sporcle when you Go Orange. This ad-free experience offers more features, more stats, and more fun while also helping to support Sporcle. Thank you for becoming a member.

You're not logged in!

Compare scores with friends on all Sporcle quizzes.
OR
Log In

Sporcle TV

Today on Sporcle TV


Watch our educational content, quiz creation guides, and fun videos on Sporcle TV.

Show Comments

Extras

Top Quizzes Today


Score Distribution

Paid Content

Your Account Isn't Verified!

In order to create a playlist on Sporcle, you need to verify the email address you used during registration. Go to your Sporcle Settings to finish the process.

Report this User

Report this user for behavior that violates our Community Guidelines.

Details: